| 000 | 00784cab a2200265 4500 | ||
|---|---|---|---|
| 001 | WB3503-31 | ||
| 008 | 090401t1999 xxu||||| |||| 00| 0 eng d | ||
| 035 | _a(Sirsi) u90768 | ||
| 041 | _aeng | ||
| 245 | _aMoD backtracks over right to roam | ||
| 260 | _c1999 | ||
| 350 | _a0 | ||
| 490 |
_aIndependent _v16 January 1999, 11(1) |
||
| 520 | _aMoD has held talks with environmental groups about right of access over its vast tracts of land. The ministry still occupies almost 500,000 acres of land in Britain. | ||
| 650 | _aACCESS TO THE COUNTRYSIDE | ||
| 650 | _aMINISTRY OF DEFENCE | ||
| 650 | _aMOD ESTATE | ||
| 650 | _aMOD | ||
| 650 | _aNATIONAL PARKS | ||
| 650 | _aRIGHT TO ROAM | ||
| 650 | _aRURAL AREAS | ||
| 690 | _aLAND | ||
| 942 | _n0 | ||
| 948 | _c19/01/1999 | ||
| 999 |
_c57562 _d57562 |
||